000 00501nam a2200193 a 4500
001 1775557144925
003 YourLibrary
005 20260407155041.0
008 260407s1991##################000#0#eng##
020 _a9780691014777
082 0 4 _a355.0093
_bCAS
100 1 _aCasson, Lionel,
_eauthor.
245 1 0 _aThe Ancient Mariners :
260 _bPrinceton University Press,
_c1991.
300 _a298 pages
650 0 _aHistory.
942 _cENGLISH
040 _aYourLibrary
_beng
_cYourLibrary
999 _c618922
_d618922